| 000 | 00860nam a22003017a 4500 | ||
|---|---|---|---|
| 001 | 000015886 | ||
| 003 | CHAP | ||
| 005 | 20220817041442.0 | ||
| 008 | 971013s1961 r 00010 d | ||
| 010 | _a14847 | ||
| 011 | _a15819 | ||
| 035 | _a19896 | ||
| 040 | _cCHAP | ||
| 090 | _aFolleto 1606y | ||
| 100 | 0 | 0 |
_aBennett, Hugh Hammond. _911613 |
| 245 | 1 | 0 | _aMedios para el control de las inundaciones. |
| 260 |
_aVenezuela : _bDirección de Recursos Naturales Renovables, _c1961. |
||
| 300 | _a14 h. | ||
| 590 |
_aBATCH-UPD _b10 _c20130110 _lUCH01 _h1631 |
||
| 590 |
_aCONVERSION _b10 _c20130109 _lUCH01 _h1309 |
||
| 590 |
_aE11695DGD _b10 _c20141122 _lUCH01 _h1125 |
||
| 650 | 1 | 4 |
_aControl de avenidas. _927591 |
| 650 | 1 | 4 | _aInundaciones. |
| 901 | _aBK | ||
| 942 | _cFOLL | ||
| 942 | _n0 | ||
| 949 |
_aFolleto 1606y _bBC _cFOLL _d-46376 _eTS1 _i19896 _mD _si |
||
| 999 |
_c14847 _d14847 |
||